000 00697nam a2200205Ii 4500
003 JO-AjNU
008 230605s9999||||xx |||||||||||||| ||und||
040 _aJO-AjNU
_bara
_erda
_cJO-AjNU
041 _aara
050 1 4 _aKRM2450.A22.2009
100 3 _aعبداللة، عبد الغنى بسيوني,
_eauthor
_932409
245 0 0 _aالقضاء الإداري :دعوى الإلغاء دعوى القضاء الكامل
250 _aط4
264 3 1 _aد،م : د،ن،2009
300 _a412ص
336 _atext
_btxt
_2rdacontent
337 _aunmediated
_bn
_2rdamedia
338 _avolume
_bnc
_2rdacarrier
650 4 _aالقضاء الاداري -- قوانين وتشريعات
_932410
999 _aA13080
_c16648
_d16648